Situácia na svetových trhoch vybraných agrárnych komodít rastlinného a živočíšneho pôvodu na prelome rokov 1996/1997 Štúdia

Gespeichert in:
Bibliographische Detailangaben
1. Verfasser: Nádašský, Stanislav
Format: Buch
Sprache:Slowakisch
Veröffentlicht: Bratislava Výskumný ústav ekonomiky poľnohospodárstva a potravinárstva 1997
Ausgabe:1. vyd.
Schlagworte:
Tags: Tag hinzufügen
Keine Tags, Fügen Sie das erste Tag hinzu!

MARC

LEADER 00000nam a2200000 4500
001 c020099
005 20250509104058.4
041 0 |a slo 
044 |a SK 
245 1 0 |a Situácia na svetových trhoch vybraných agrárnych komodít rastlinného a živočíšneho pôvodu na prelome rokov 1996/1997  |b Štúdia  |c Stanislav Nádašský 
250 |a 1. vyd. 
264 1 |a Bratislava  |b Výskumný ústav ekonomiky poľnohospodárstva a potravinárstva  |c 1997 
300 |a 25 s.  |e 47 tab. príl. 
610 2 0 |a poľnohospodárstvo 
610 2 0 |a trh svetový 
610 2 0 |a výrobky rastlinné 
610 2 0 |a výrobky živočíšne 
610 2 0 |a politika poľnohospodárska 
610 2 0 |a Európska únia 
610 2 0 |a štúdie 
100 1 |a Nádašský, Stanislav